| 000 | 00527nam a2200181Ia 4500 | ||
|---|---|---|---|
| 003 | GCL | ||
| 008 | 140319s9999 xx 000 0 ara d | ||
| 040 |
_aGCL / _cGCL |
||
| 082 | 0 | 4 |
_a241 _bف ك |
| 100 | 1 | _aفتح الله خليف (تحقيق) | |
| 245 | 1 | 0 |
_aكتاب التوحيد للامام ابى منصور الماتريدى / _cفتح الله خليف (تحقيق) |
| 300 | _a410 ص | ||
| 490 | _a | ||
| 650 | 0 | 4 | _aالاسلام |
| 650 | 0 | 4 | _aالعقائد |
| 650 | 0 | 4 | _aعلم الكلام |
| 942 |
_2ddc _cBK |
||
| 999 |
_c41634 _d41634 |
||